| 000 | 00896cam a22002894a 4500 | ||
|---|---|---|---|
| 008 | |||
| 020 | _a1576753441 (hbk.) | ||
| 049 | _aMAIN | ||
| 090 |
_aHD57.7 _bWHE |
||
| 100 | 1 | _aWheatley, Margaret J. | |
| 245 | 1 | 0 |
_aLeadership and the new science : _bdiscovering order in a chaotic world / _cMargaret J. Wheatley. |
| 250 | _a3rd ed. | ||
| 260 |
_aSan Francisco, CA : _bBerrett-Koehler, _cc2006. |
||
| 300 |
_axiv, 218 p. : _bill. (some col.) ; _c23 cm. |
||
| 500 | _aIncludes index. | ||
| 504 | _aIncludes bibliographical references. | ||
| 650 | 0 | _aLeadership. | |
| 650 | 0 | _aOrganization. | |
| 650 | 0 | _aQuantum theory. | |
| 650 | 0 | _aSelf-organizing systems. | |
| 650 | 0 | _aChaotic behavior in systems. | |
| 907 |
_a.b1033063x _b14-05-13 _c14-05-13 |
||
| 003 | |||
| 005 | 20230123122009.0 | ||
| 040 | _cNUST | ||
| 942 |
_cBOOKS _kHD57.7 _mWHE |
||
| 999 |
_c126016 _d126016 |
||